[Event "2015: The Year Of Devcoin"]
[Site "SchemingMind.com"]
[Date "2014.10.28"]
[Round "-"]
[White "fu_manchu"]
[Black "emvarela"]
[Result "1-0"]
[WhiteCountry "CAN"]
[BlackCountry "ARG"]
[WhiteElo "1872"]
[WhiteRD "77"]
[BlackElo "1679"]
[BlackRD "50"]
[GameID "367787"]

1. d4 Nf6 2. c4 e6 3. Nc3 Bb4 4. Bd2 O-O 5. Nf3 a5 6. a3 Bxc3 7. bxc3 d5 8. cxd5 exd5 9. Bg5 Be6 10. e3 h6
11. Bh4 Nbd7 12. Rb1 Rb8 13. Be2 b6 14. O-O g5 15. Bg3 Nh5 16. Be5 Nxe5 17. Nxe5 Nf6 18. Nc6 Qd6 19. Nxb8 Rxb8 20. a4 c5
21. dxc5 bxc5 22. Rxb8+ Qxb8 23. Qc2 Qe5 24. Kh1 c4 25. f4 Qxe3 26. fxg5 Ne4 27. Bf3 Bf5 28. Bxe4 Bxe4 29. Qb2 Qxg5 30. Qf2 f5
31. Qg3 Qxg3 32. hxg3 Bc2 33. Re1 Be4 34. Re2 Kf7 35. Rb2
1-0

[Event "2015: The Year Of Devcoin"]
[Site "SchemingMind.com"]
[Date "2014.10.29"]
[Round "-"]
[White "emvarela"]
[Black "fu_manchu"]
[Result "0-1"]
[WhiteCountry "ARG"]
[BlackCountry "CAN"]
[WhiteElo "1660"]
[WhiteRD "50"]
[BlackElo "1839"]
[BlackRD "78"]
[GameID "367788"]

1. e4 c5 2. Nf3 Nc6 3. d4 cxd4 4. Nxd4 d6 5. Nxc6 bxc6 6. Nc3 Nf6 7. Bd3 g6 8. O-O Bg7 9. Bd2 O-O 10. Qe2 Rb8
11. b3 Ng4 12. h3 Ne5 13. f4 Nxd3 14. cxd3 e6 15. Rac1 c5 16. e5 d5 17. Na4 c4 18. dxc4 dxc4 19. Rxc4 Ba6 20. Rfc1 Bxc4
21. Rxc4 Qe7 22. Be3 Rfc8 23. Bc5 Qe8 24. Bd6 Rxc4
0-1

[Event "2015: The Year Of Devcoin"]
[Site "SchemingMind.com"]
[Date "2014.10.30"]
[Round "-"]
[White "berns"]
[Black "John Galvin"]
[Result "0-1"]
[WhiteCountry "ENG"]
[BlackCountry "USA"]
[WhiteElo "1629"]
[WhiteRD "79"]
[BlackElo "2404"]
[BlackRD "91"]
[GameID "367875"]

1. d4 d5 2. c4 e6 3. Nc3 c5 4. dxc5 d4 5. Nb5 e5 6. b4 a6 7. Na3 Nc6 8. b5 axb5 9. cxb5 Nb4 10. Nf3 Bxc5
11. Nxe5 d3 12. exd3 Qd4 13. Be3 Qc3+ 14. Bd2 Qxe5+ 15. Qe2 Nxd3+ 16. Kd1 Nxf2+
0-1

[Event "2015: The Year Of Devcoin"]
[Site "SchemingMind.com"]
[Date "2014.10.30"]
[Round "-"]
[White "John Galvin"]
[Black "berns"]
[Result "1-0"]
[WhiteCountry "USA"]
[BlackCountry "ENG"]
[WhiteElo "2404"]
[WhiteRD "91"]
[BlackElo "1629"]
[BlackRD "79"]
[GameID "367876"]

1. e4 c5 2. Nf3 Nc6 3. Nc3 g6 4. d4 cxd4 5. Nxd4 Bg7 6. Be3 d6 7. f3 Qa5 8. Qd2 e5 9. Nxc6 bxc6 10. Qxd6 Ne7
11. Rd1 Be6 12. Bg5 f6 13. Qxe6 Rd8 14. Rxd8+ Qxd8 15. Bxf6 Bxf6 16. Qxf6 Rf8 17. Qxe5 Qb6 18. Bc4 Qe3+ 19. Ne2 g5 20. Qb8+
1-0

[Event "2015: The Year Of Devcoin"]
[Site "SchemingMind.com"]
[Date "2014.10.28"]
[Round "-"]
[White "mmccaffe"]
[Black "Ramesh Panwar"]
[Result "0-1"]
[WhiteCountry "USA"]
[BlackCountry "IND"]
[WhiteElo "1690"]
[WhiteRD "57"]
[BlackElo "2207"]
[BlackRD "52"]
[GameID "367881"]

1. c4 e5 2. Nc3 Nf6 3. Nf3 Nc6 4. g3 d5 5. cxd5 Nxd5 6. Bg2 Nxc3 7. bxc3 e4 8. Ng1 Bf5 9. e3 Ne5 10. Ne2 Nd3+
11. Kf1 Be7 12. Nf4 O-O 13. Nxd3 Qxd3+ 14. Qe2 Qd7 15. f3 exf3 16. Qxf3 Bd3+ 17. Kf2 c6 18. Bf1 Bf5 19. e4 Be6 20. d4 f5
21. e5 Bd5
0-1

[Event "2015: The Year Of Devcoin"]
[Site "SchemingMind.com"]
[Date "2014.10.29"]
[Round "-"]
[White "Ramesh Panwar"]
[Black "mmccaffe"]
[Result "1-0"]
[WhiteCountry "IND"]
[BlackCountry "USA"]
[WhiteElo "2207"]
[WhiteRD "52"]
[BlackElo "1690"]
[BlackRD "57"]
[GameID "367882"]

1. e4 e5 2. Nf3 Nc6 3. Bc4 Bc5 4. d3 d6 5. Nc3 Nf6 6. Bg5 h6 7. Bxf6 Qxf6 8. Nd5 Qd8 9. c3 Be6 10. d4 exd4
11. cxd4 Bb4+ 12. Nxb4 Bxc4 13. Nxc6 bxc6 14. Qc2 d5 15. b3 dxe4 16. Qxe4+ Be6 17. Qxc6+ Bd7 18. Qc5 Qe7+ 19. Qxe7+ Kxe7 20. Rc1 Rac8
21. O-O Rhd8 22. Rfe1+ Kf8 23. h3 Be6 24. Kh2 Bd5 25. Ne5 g6 26. Rc5 Be6 27. Nxg6+
1-0

[Event "2015: The Year Of Devcoin"]
[Site "SchemingMind.com"]
[Date "2014.11.03"]
[Round "-"]
[White "John Hamer"]
[Black "Simon Green"]
[Result "1-0"]
[WhiteCountry "ENG"]
[BlackCountry "ENG"]
[WhiteElo "2039"]
[WhiteRD "55"]
[BlackElo "1667"]
[BlackRD "55"]
[GameID "368187"]

1. e4 e6 2. Nc3 d5 3. Nf3 Nf6 4. e5 Nfd7 5. d4 c5 6. dxc5 Bxc5 7. Bd3 Nc6 8. Bf4 Qb6 9. O-O O-O 10. Bxh7+ Kh8
11. Bd3 Qxb2 12. Nb5 b6 13. Nfd4 Bxd4 14. Qh5+
1-0

[Event "2015: The Year Of Devcoin"]
[Site "SchemingMind.com"]
[Date "2014.11.04"]
[Round "-"]
[White "Simon Green"]
[Black "John Hamer"]
[Result "0-1"]
[WhiteCountry "ENG"]
[BlackCountry "ENG"]
[WhiteElo "1667"]
[WhiteRD "55"]
[BlackElo "2039"]
[BlackRD "55"]
[GameID "368188"]

1. d4 d5 2. e3 Nf6 3. Bd3 e6 4. f4 c5 5. c3 Nc6 6. Nf3 Bd6 7. O-O O-O 8. Qe1 cxd4 9. exd4 h6 10. Ne5 Nh7
11. Qg3 f5 12. Ng6 Rf6 13. Nd2 Ng5 14. Ne5 Ne4 15. Bxe4 fxe4 16. Rf2 Qe8 17. Nf1 Bd7 18. Ne3 Nxe5 19. fxe5 Rxf2 20. Qxf2 Be7
21. Ng4 Bb5 22. Bd2 h5 23. Nf6+ gxf6 24. Qg3+ Kh7 25. exf6 Bxf6 26. Qf4 Qg6 27. Qc7+ Qg7 28. Qxg7+ Bxg7 29. Be3 Rf8 30. b3 Bd3
31. g3 Rc8 32. Rc1 e5 33. dxe5 Bxe5 34. Bd2 b5 35. b4 d4 36. cxd4 Bxd4+
0-1

[Event "2015: The Year Of Devcoin"]
[Site "SchemingMind.com"]
[Date "2014.11.04"]
[Round "-"]
[White "Geoffrey Rosser"]
[Black "Kenny Elliott"]
[Result "1-0"]
[WhiteCountry "ENG"]
[BlackCountry "USA"]
[WhiteElo "1826"]
[WhiteRD "69"]
[BlackElo "1571"]
[BlackRD "76"]
[GameID "368346"]

1. e4 c5 2. Nf3 d6 3. d4 cxd4 4. Qxd4 Nc6 5. Bb5 e5 6. Qc4 Bd7 7. O-O a6 8. Bxc6 Bxc6 9. Nc3 Nf6 10. Bg5 Be7
11. Rad1 O-O 12. Nxe5 Qb6 13. Nxc6 bxc6 14. b3 Rac8 15. Be3 c5 16. Nd5 Nxd5 17. Rxd5 a5 18. Rfd1 Rfd8 19. Rf5 Rf8 20. Rd3 Qb7
21. Bf4 Rcd8 22. Rg3 Kh8 23. Rxf7 Rxf7 24. Qxf7 Rg8 25. Bxd6 Qxe4 26. Qxe7 Qxc2 27. h3 Qc1+ 28. Kh2 Qh6 29. Rxg7 Rxg7 30. Qf8+ Rg8
31. Be5+ Qg7 32. Bxg7#
1-0

[Event "2015: The Year Of Devcoin"]
[Site "SchemingMind.com"]
[Date "2014.11.04"]
[Round "-"]
[White "Kenny Elliott"]
[Black "Geoffrey Rosser"]
[Result "1/2-1/2"]
[WhiteCountry "USA"]
[BlackCountry "ENG"]
[WhiteElo "1571"]
[WhiteRD "76"]
[BlackElo "1826"]
[BlackRD "69"]
[GameID "368347"]

1. d4 Nf6 2. c4 e6 3. Nc3 c5 4. dxc5 Bxc5 5. Bg5 Bxf2+ 6. Kxf2 Ng4+ 7. Ke1 Qxg5 8. Nf3 Qc5 9. Ne4 Qb4+ 10. Qd2 Qxd2+
11. Nexd2 Nc6 12. e4 Ne3 13. Rc1 b6 14. Rc3 Ng4 15. h3 Nge5 16. c5 bxc5 17. Bb5 Ke7 18. Rxc5 Nxf3+ 19. gxf3 Bb7 20. Rg1 g6
21. Kf2 Rhc8 22. Bxc6 Rxc6 23. Rxc6 Bxc6 24. f4 Rb8 25. b3 Rb4 26. Ke3 d6 27. Rc1 Kd7 28. Nc4 Bxe4 29. Kxe4 d5+ 30. Ke5 dxc4
31. Rxc4 Rb5+ 32. Kf6 Rf5+ 33. Kg7 h5 34. Kf8 a5 35. Rd4+ Rd5 36. Ra4 Rf5 37. Rd4+ Rd5 38. Ra4 Rf5 39. Rd4+ Rd5=
1/2-1/2

[Event "2015: The Year Of Devcoin"]
[Site "SchemingMind.com"]
[Date "2014.11.04"]
[Round "-"]
[White "spoke"]
[Black "chesshub"]
[Result "0-1"]
[WhiteCountry "GER"]
[BlackCountry "FRA"]
[WhiteElo "1811"]
[WhiteRD "66"]
[BlackElo "2475"]
[BlackRD "79"]
[GameID "368377"]

1. e4 c5 2. Nf3 d6 3. d4 cxd4 4. Nxd4 Nf6 5. Nc3 a6 6. f4 e5 7. Nf3 Nbd7 8. a4 Be7 9. Bd3 O-O 10. O-O exf4
11. Bxf4 Qb6+ 12. Kh1 Qxb2 13. Qd2 Qb6 14. a5 Qc7 15. Nd5 Nxd5 16. exd5 Nc5 17. Rfe1 Re8 18. Bg5 Bg4 19. Bxe7 Bxf3 20. Bxd6 Bxg2+
21. Kxg2 Qxd6 22. c4 g6 23. Re2 Nb3
0-1

[Event "2015: The Year Of Devcoin"]
[Site "SchemingMind.com"]
[Date "2014.11.04"]
[Round "-"]
[White "chesshub"]
[Black "spoke"]
[Result "1-0"]
[WhiteCountry "FRA"]
[BlackCountry "GER"]
[WhiteElo "2475"]
[WhiteRD "79"]
[BlackElo "1811"]
[BlackRD "66"]
[GameID "368378"]

1. d4 Nf6 2. c4 g6 3. Nc3 Bg7 4. e4 d6 5. Nf3 O-O 6. Be2 e5 7. O-O Nc6 8. d5 Ne7 9. b4 Nh5 10. Re1 f5
11. Ng5 Nf6 12. f3 f4 13. c5 h6 14. Ne6 Bxe6 15. dxe6 dxc5 16. Qxd8 Raxd8 17. bxc5 c6 18. Rb1 Rb8 19. Ba3 Rfd8 20. Rb3 Bf8
21. Reb1
1-0

[Event "2015: The Year Of Devcoin"]
[Site "SchemingMind.com"]
[Date "2014.11.10"]
[Round "-"]
[White "smothered mate"]
[Black "frankly"]
[Result "0-1"]
[WhiteCountry "POL"]
[BlackCountry "ENG"]
[WhiteElo "1887"]
[WhiteRD "63"]
[BlackElo "2425"]
[BlackRD "64"]
[GameID "368446"]

1. e4 c5 2. Nf3 Nc6 3. c3 Nf6 4. d4 cxd4 5. Bc4 Nxe4 6. O-O dxc3 7. Re1 cxb2 8. Bxb2 Nf6 9. Nc3 e6 10. Nb5 d5
11. Bxf6 gxf6 12. Bxd5 Be7 13. Be4 Qxd1 14. Raxd1 O-O 15. Bxc6 bxc6 16. Nbd4 Bb7 17. Nf5 Bb4 18. Re4 Rad8 19. Rb1 c5 20. Rg4+ Kh8
21. Nh6 f5 22. Rg3 Bxf3 23. gxf3 Bd2 24. Rh3 c4 25. Rb7 Bxh6 26. Rxh6 c3 27. Rc7 Rc8
0-1

[Event "2015: The Year Of Devcoin"]
[Site "SchemingMind.com"]
[Date "2014.11.10"]
[Round "-"]
[White "frankly"]
[Black "smothered mate"]
[Result "1-0"]
[WhiteCountry "ENG"]
[BlackCountry "POL"]
[WhiteElo "2425"]
[WhiteRD "64"]
[BlackElo "1887"]
[BlackRD "63"]
[GameID "368447"]

1. d4 Nf6 2. c4 c5 3. d5 b5 4. cxb5 a6 5. bxa6 g6 6. Nc3 Bxa6 7. Nf3 d6 8. e4 Nfd7 9. Be2 Bg7 10. O-O O-O
11. Nb5 Bxb5 12. Bxb5 Qa5 13. a4 Qxb5 14. axb5 Rxa1 15. Qe2 Nb6 16. Bg5 Ra7 17. Rd1 h6 18. Bh4 g5 19. Bg3 N8d7 20. e5 dxe5
21. Nxe5 Rfa8 22. h4 gxh4 23. Nxd7 Nxd7 24. Bxh4 Nf6 25. b6 Rb7 26. d6 exd6 27. Qf3
1-0

[Event "2015: The Year Of Devcoin"]
[Site "SchemingMind.com"]
[Date "2014.11.07"]
[Round "-"]
[White "Phillip Beckett"]
[Black "fouche"]
[Result "0-1"]
[WhiteCountry "ENG"]
[BlackCountry "COL"]
[WhiteElo "1527"]
[WhiteRD "49"]
[BlackElo "1638"]
[BlackRD "58"]
[GameID "368534"]

1. e4 c6 2. d4 d5 3. Nc3 dxe4 4. Nxe4 Bf5 5. Ng3 Bg6 6. c3 Nd7 7. Nf3 Ngf6 8. Bd3 Bxd3 9. Qxd3 e6 10. O-O Bd6
11. Bg5 O-O 12. Rfe1 Qb6 13. Qc2 h6 14. Be3 Qc7 15. Rad1 Rfe8 16. Ne4 Nxe4 17. Qxe4 Nf6 18. Qb1 Ng4 19. h3 Nf6 20. b3 e5
21. dxe5 Bxe5 22. Nxe5 Rxe5 23. Bd4 Rxe1+ 24. Rxe1 Re8 25. Rxe8+ Nxe8 26. Qe4 Qd7 27. Qe5 f6 28. Qe2 Nc7 29. Qc4+ Qd5 30. Qe2 c5
31. Be3 b6 32. Qd2 Kf7 33. Qxd5+ Nxd5 34. Bd2 Ke6 35. f3 g5 36. Kf2 b5 37. Ke2 Ke5 38. Kd3 Nf4+ 39. Bxf4+ Kxf4 40. Ke2 Kg3
41. Kf1 a5 42. Kg1 h5 43. Kf1 f5 44. Kg1 g4 45. fxg4 fxg4 46. hxg4 hxg4 47. Kf1 Kh2 48. Kf2 g3+ 49. Kf1 Kh1 50. a4 c4
51. bxc4 bxa4 52. c5 a3 53. c6 a2 54. c7 a1=Q+ 55. Ke2 Qxc3
0-1

[Event "2015: The Year Of Devcoin"]
[Site "SchemingMind.com"]
[Date "2014.11.07"]
[Round "-"]
[White "fouche"]
[Black "Phillip Beckett"]
[Result "1-0"]
[WhiteCountry "COL"]
[BlackCountry "ENG"]
[WhiteElo "1604"]
[WhiteRD "58"]
[BlackElo "1567"]
[BlackRD "49"]
[GameID "368535"]

1. d4 d5 2. Nf3 Nf6 3. e3 e6 4. Bd3 c5 5. c3 Nc6 6. Nbd2 cxd4 7. exd4 Bd6 8. O-O Qc7 9. Re1 O-O 10. h3 h6
11. Ne5 Nxe5 12. dxe5 Bxe5 13. Nf3 Bd6 14. Bd2 Bd7 15. Qc1 a6 16. Qc2 Bc6 17. Rad1 Rac8 18. Qc1 Qb6 19. Bxh6 Bc5 20. Be3 Bxe3
21. Rxe3 Rfd8 22. Ne5 Qc7 23. Rg3 Ne8 24. Nxc6 Qxc6 25. Qg5 e5 26. Qh4 e4 27. Be2 Qf6 28. Qh5 Qd6 29. Bg4 Nf6 30. Qg5 Nxg4
31. Rxg4 g6 32. h4 f5 33. Qxf5 Kg7 34. h5 Rf8 35. Rxg6+
1-0

[Event "2015: The Year Of Devcoin"]
[Site "SchemingMind.com"]
[Date "2014.11.08"]
[Round "-"]
[White "Stephen Woodhouse"]
[Black "palberto63"]
[Result "0-1"]
[WhiteCountry "ENG"]
[BlackCountry "CUB"]
[WhiteElo "1835"]
[WhiteRD "49"]
[BlackElo "2213"]
[BlackRD "64"]
[GameID "368625"]

1. e4 c5 2. c3 d5 3. exd5 Qxd5 4. d4 Nc6 5. Nf3 Nf6 6. Be3 e5 7. dxe5 Qxd1+ 8. Kxd1 Ng4 9. Na3 Nxe3+ 10. fxe3 Bg4
11. Nc4 O-O-O+ 12. Ke1 Be7 13. Be2 Be6 14. a4 Kc7 15. Rd1 h5 16. Kf2 g5 17. Rxd8 Rxd8 18. Nd6 g4 19. Nb5+ Kb8 20. Nd2 Rxd2
0-1

[Event "2015: The Year Of Devcoin"]
[Site "SchemingMind.com"]
[Date "2014.11.08"]
[Round "-"]
[White "palberto63"]
[Black "Stephen Woodhouse"]
[Result "1-0"]
[WhiteCountry "CUB"]
[BlackCountry "ENG"]
[WhiteElo "2213"]
[WhiteRD "64"]
[BlackElo "1835"]
[BlackRD "49"]
[GameID "368626"]

1. e4 e6 2. c4 d5 3. cxd5 exd5 4. exd5 Nf6 5. Bb5+ Nbd7 6. Nc3 Bd6 7. Nf3 O-O 8. O-O Nb6 9. d4 Nbxd5 10. Nxd5 Nxd5
11. Bd2 Bg4 12. h3 Bh5 13. Re1 c6 14. Bc4 Qf6 15. g4 Bg6 16. Bxd5 cxd5 17. Bg5 Bc2 18. Qxc2 Qxf3 19. Re3 Rac8 20. Qd2
1-0

[Event "2015: The Year Of Devcoin"]
[Site "SchemingMind.com"]
[Date "2014.11.09"]
[Round "-"]
[White "lontjr"]
[Black "Ronald R. Nurmi"]
[Result "0-1"]
[WhiteCountry "USA"]
[BlackCountry "USA"]
[WhiteElo "1323"]
[WhiteRD "134"]
[BlackElo "1737"]
[BlackRD "81"]
[GameID "368734"]

1. e4 d5 2. exd5 Qxd5 3. Nc3 Qd6 4. g3 Nf6 5. Bg2 c6 6. d4 g6 7. Nf3 Bg7 8. O-O O-O 9. Re1 Na6 10. Bf4 Qd8
11. Qd3 Bf5 12. Qe2 Re8 13. Ne5 e6 14. Rad1 Nb4 15. a3 Nbd5 16. Nxd5 Nxd5 17. Nxf7 Kxf7 18. Be5 Nf6 19. Qc4 Nd5 20. h3 g5
21. g4 Bg6 22. f4 Bxe5 23. fxe5 Kg7 24. Bxd5 Qxd5 25. Qxd5 cxd5 26. c3 Rf8
0-1

[Event "2015: The Year Of Devcoin"]
[Site "SchemingMind.com"]
[Date "2014.11.11"]
[Round "-"]
[White "Ronald R. Nurmi"]
[Black "lontjr"]
[Result "1-0"]
[WhiteCountry "USA"]
[BlackCountry "USA"]
[WhiteElo "1737"]
[WhiteRD "81"]
[BlackElo "1323"]
[BlackRD "134"]
[GameID "368735"]

1. d4 Nf6 2. Bf4 g6 3. e3 Bg7 4. Nf3 O-O 5. Be2 d6 6. O-O Nbd7 7. h3 Qe8 8. c4 e5 9. Bh2 Ne4 10. Nbd2 Ndf6
11. dxe5 dxe5 12. Bxe5 Qc6 13. b3 Be6 14. Qc2 Nc5 15. Nd4 Qd7 16. Nxe6 fxe6 17. Rfd1 Qf7 18. Nf3 Rad8 19. Nd4 Nfe4 20. f4 Ng3
21. Bxg7 Qxg7 22. Bf3 e5 23. Nb5 a6 24. Nc3 b5 25. cxb5
1-0

[Event "2015: The Year Of Devcoin"]
[Site "SchemingMind.com"]
[Date "2014.11.16"]
[Round "-"]
[White "jpetric"]
[Black "ray winteringham"]
[Result "0-1"]
[WhiteCountry "USA"]
[BlackCountry "ENG"]
[WhiteElo "1532"]
[WhiteRD "70"]
[BlackElo "1541"]
[BlackRD "52"]
[GameID "369125"]

1. e4 e5 2. Nf3 d6 3. Bc4 h6 4. d3 Be6 5. Nbd2 Bxc4 6. Nxc4 Be7 7. b3 Nf6 8. Bb2 O-O 9. Nh4 Nxe4 10. dxe4 Bxh4
11. g3 Bg5 12. h4 Bf6 13. Qd5 c6 14. Qxd6 b5 15. Qxd8 Rxd8 16. O-O bxc4 17. bxc4 Na6 18. f4 Re8 19. h5 Nc5 20. a4 Nxe4
21. Kg2 Nd2 22. Rfd1 Nxc4 23. Bxe5 Bxe5 24. fxe5 Ne3+ 25. Kf3 Nxc2 26. Rac1 Nb4 27. Rc4 Rab8 28. Rb1 Nd3 29. Rxb8 Rxb8 30. Ke3 Nxe5
31. Re4 f6 32. Kf4 Re8 33. Kf5 Kf7 34. a5 Nd7 35. Rc4 Re5+ 36. Kf4 Rxh5 37. Rxc6 Rxa5 38. Rc7 Ke6 39. Rc6+ Ke7 40. g4 g5+
41. Kg3 Ra3+ 42. Kf2 Rf3+ 43. Kg2 Rf4 44. Kg3 Rxg4+
0-1

[Event "2015: The Year Of Devcoin"]
[Site "SchemingMind.com"]
[Date "2014.11.16"]
[Round "-"]
[White "ray winteringham"]
[Black "jpetric"]
[Result "0-1"]
[WhiteCountry "ENG"]
[BlackCountry "USA"]
[WhiteElo "1541"]
[WhiteRD "52"]
[BlackElo "1532"]
[BlackRD "70"]
[GameID "369126"]

1. e4 e5 2. Nf3 Nc6 3. Bc4 h6 4. c3 Bc5 5. d4 exd4 6. cxd4 Bb4+ 7. Bd2 Nf6 8. Qb3 Bxd2+ 9. Nbxd2 O-O 10. e5 Nh5
11. O-O-O Na5 12. Qc2 d6 13. Kb1 g6 14. Bd3 Nf4 15. g3 Nd5 16. a3 Bg4 17. Rde1 Nb6 18. Rc1 Bxf3 19. Nxf3 d5 20. Qxc7 Nbc4
21. Qxd8 Rfxd8 22. b4 Nxa3+ 23. Ka2 N5c4 24. h4 b5 25. Bxc4 Nxc4 26. Kb3 a5 27. Ra1 a4+ 28. Kc3 Rdc8 29. Kd3 Rc6 30. h5 g5
31. g4 Rac8 32. Ra2 Nb6 33. Ra3 Rc2 34. Rf1 R2c4 35. Nd2 Rxb4 36. Rb1 Rxb1 37. Nxb1 Rc1 38. Nd2 b4 39. Ra2 Rc3+ 40. Ke2 b3
41. Rb2 Nc4 42. Rb1 Rc2 43. Kd3 Rxd2+ 44. Kc3 Rxf2
0-1

[Event "2015: The Year Of Devcoin"]
[Site "SchemingMind.com"]
[Date "2014.11.22"]
[Round "-"]
[White "eun77"]
[Black "Dinomat"]
[Result "0-1"]
[WhiteCountry "ISR"]
[BlackCountry "GER"]
[WhiteElo "1461"]
[WhiteRD "71"]
[BlackElo "2386"]
[BlackRD "140"]
[GameID "369214"]

1. e4 c5 2. d3 Nc6 3. Nf3 e6 4. Be2 d5 5. exd5 exd5 6. h3 Bd6 7. O-O Nf6 8. Nh2 O-O 9. Bg4 Bxh2+ 10. Kxh2 Nxg4+
11. hxg4 f5 12. g3 fxg4 13. Rh1 Qf6 14. Kg2 Qxf2#
0-1

[Event "2015: The Year Of Devcoin"]
[Site "SchemingMind.com"]
[Date "2014.11.22"]
[Round "-"]
[White "Dinomat"]
[Black "eun77"]
[Result "1-0"]
[WhiteCountry "GER"]
[BlackCountry "ISR"]
[WhiteElo "2492"]
[WhiteRD "114"]
[BlackElo "1264"]
[BlackRD "56"]
[GameID "369215"]

1. Nf3 d5 2. c4 dxc4 3. e3 e6 4. Bxc4 Nf6 5. O-O Be7 6. d4 O-O 7. Nc3 c6 8. a3 h6 9. Qe2 Nh7 10. e4 Bg5
11. Nxg5 Nxg5 12. e5 Nh7 13. Rd1 b5 14. Bd3 f5 15. exf6 Rxf6 16. Qe5 Nd7 17. Qg3 Kh8 18. Bf4 g5 19. Be5 Nxe5 20. dxe5 Rf7
21. Bxh7 Kxh7 22. Rxd8 Bb7 23. Qd3+ Kg7 24. Rd7
1-0

[Event "2015: The Year Of Devcoin"]
[Site "SchemingMind.com"]
[Date "2014.11.20"]
[Round "-"]
[White "Adrian Grajczak"]
[Black "grabapawn"]
[Result "1-0"]
[WhiteCountry "POL"]
[BlackCountry "USA"]
[WhiteElo "2219"]
[WhiteRD "78"]
[BlackElo "1544"]
[BlackRD "74"]
[GameID "369250"]

1. e4 e5 2. Nf3 Nc6 3. Bb5 d6 4. c4 Bd7 5. d4 exd4 6. Nxd4 Nxd4 7. Bxd7+ Qxd7 8. Qxd4 c5 9. Qd3 Be7 10. O-O Nf6
11. Rd1 O-O 12. Nc3 a6 13. e5 Ne8 14. Ne4 Qc6 15. exd6 Nxd6 16. Nxd6 Rad8 17. Bf4 Rd7 18. Nf5 Rxd3 19. Nxe7+ Kh8 20. Nxc6 Rxd1+
21. Rxd1 bxc6 22. Be3 h6 23. Bxc5 Re8 24. Be3 Re6 25. c5 g5 26. h3 Kg7 27. Rd6 Rxd6 28. cxd6 Kf6 29. Bc5 Ke6 30. b4 f5
31. f4 gxf4 32. Kf2 h5 33. Kf3
1-0

[Event "2015: The Year Of Devcoin"]
[Site "SchemingMind.com"]
[Date "2014.11.20"]
[Round "-"]
[White "grabapawn"]
[Black "Adrian Grajczak"]
[Result "0-1"]
[WhiteCountry "USA"]
[BlackCountry "POL"]
[WhiteElo "1555"]
[WhiteRD "68"]
[BlackElo "2208"]
[BlackRD "78"]
[GameID "369251"]

1. e4 c5 2. Nc3 Nc6 3. Nf3 e6 4. Bc4 d6 5. d4 cxd4 6. Nxd4 Nf6 7. Bg5 Be7 8. Qd2 O-O 9. h4 Nxd4 10. Qxd4 h6
11. Be3 Ng4 12. f3 Bxh4+ 13. Ke2 Bf6 14. Qd3 Ne5 15. Qd2 Nxc4 16. Qc1 Bxc3 17. bxc3 Nxe3 18. Qxe3 Qf6 19. Rh2 Bd7 20. Rd1 Bb5+
21. Kf2 Rfd8 22. g4 d5 23. e5 Qg6 24. Rd2 b6 25. Kg3 Rac8 26. Rh3 f5 27. Rdh2 fxg4 28. fxg4 Rc4 29. Rh4 Rdc8 30. Qf2 Rxc3+
0-1

[Event "2015: The Year Of Devcoin"]
[Site "SchemingMind.com"]
[Date "2014.11.23"]
[Round "-"]
[White "Greg Magne"]
[Black "Scooter"]
[Result "1-0"]
[WhiteCountry "CAN"]
[BlackCountry "USA"]
[WhiteElo "1962"]
[WhiteRD "79"]
[BlackElo "1759"]
[BlackRD "48"]
[GameID "369413"]

1. d4 Nf6 2. c4 g6 3. Nc3 Bg7 4. e4 O-O 5. e5 Ne8 6. f4 d6 7. Nf3 Bg4 8. Be2 Bxf3 9. Bxf3 dxe5 10. fxe5 e6
11. O-O c6 12. Be3 Nc7 13. Qb3 b6 14. Rad1 Qe8 15. d5 Bxe5 16. dxe6 Nxe6 17. Ne4 Na6 18. Qa3 Qc8 19. Rd2 Rd8 20. Rfd1 Rxd2
21. Rxd2 Bf4 22. Nd6 Bxd6 23. Rxd6 Nd8 24. Bh6 Qf5 25. Qc3
1-0

[Event "2015: The Year Of Devcoin"]
[Site "SchemingMind.com"]
[Date "2014.11.23"]
[Round "-"]
[White "Scooter"]
[Black "Greg Magne"]
[Result "0-1"]
[WhiteCountry "USA"]
[BlackCountry "CAN"]
[WhiteElo "1759"]
[WhiteRD "48"]
[BlackElo "1962"]
[BlackRD "79"]
[GameID "369414"]

1. d4 d5 2. Nf3 Nf6 3. Bf4 h6 4. e3 Nh5 5. Nbd2 Nxf4 6. exf4 e6 7. Be2 c5 8. c3 Qc7 9. g3 Nc6 10. O-O Bd6
11. Bb5 Bd7 12. Be2 O-O-O 13. Bb5 Kb8 14. Bxc6 Bxc6 15. dxc5 Bxc5 16. Ne5 Be8 17. Nb3 Bd6 18. Qe2 f6 19. Nd3 Bf7 20. Nd4 g5
21. Nxe6 Qd7 22. Nxd8 Rxd8 23. fxg5 hxg5 24. Rfe1 Rh8 25. Qf3 Bg6 26. Qxd5 Rxh2 27. Kxh2 Bxg3+
0-1

[Event "2015: The Year Of Devcoin"]
[Site "SchemingMind.com"]
[Date "2014.11.24"]
[Round "-"]
[White "Clive Everill"]
[Black "klapa"]
[Result "1-0"]
[WhiteCountry "CZE"]
[BlackCountry "POL"]
[WhiteElo "1688"]
[WhiteRD "52"]
[BlackElo "1432"]
[BlackRD "65"]
[GameID "369450"]

1. e4 e5 2. f4 exf4 3. Nf3 g5 4. Bc4 Nh6 5. Ne5 Qe7 6. d4 f6 7. Qh5+ Kd8 8. Nf7+ Nxf7 9. Bxf7 Qxe4+ 10. Qe2 Qxe2+
11. Kxe2 h5 12. Nc3 Rh7 13. Bg6 Re7+ 14. Kf3 g4+ 15. Kxf4 d6 16. Bxh5 Nc6 17. Bxg4 Nxd4 18. Bxc8 Rxc8 19. Nd5 Rg7 20. g3 Kd7
21. Nxf6+ Kc6 22. c3 Ne2+ 23. Kf5 Rf7 24. Bg5 Be7 25. Ke6 Rg7 26. Kf5 Rf8 27. Ke6 Rxg5 28. Kxe7 Rh8 29. Rae1 Re5+ 30. Kf7 d5
31. Kg7 Rd8 32. Rhf1 Rg5+ 33. Kh6 Re5 34. Kg6 Rd6 35. Kf7 Rde6 36. Ng8 d4 37. cxd4 Nxd4 38. Rc1+ Kb6 39. Nf6 Re7+ 40. Kf8 Nc6
41. Nd7+ Rxd7 42. Rf6 Rd8+ 43. Kf7 Re7+ 44. Kg6 a5 45. Rc2 Ka7 46. Rc5 Ne5+ 47. Kf5 Nd3 48. Rxa5+ Kb8 49. b3 b6 50. Ra4 Re2
51. Rh6 Rf8+ 52. Kg4 Nf2+ 53. Kh4 Nd3 54. Kh3 Kb7 55. Rh7 Rff2 56. Kg4 Nc5 57. Rd4 Rxa2 58. b4 Ne6 59. Re4 Nf8 60. Rh8 Ra8
61. Rh6 Nd7 62. Re7 Rg8+ 63. Kh3 Rd2 64. Rhh7 Rd8 65. g4 Kc8 66. g5 Rb2 67. g6 Rxb4 68. g7 Nf6 69. Rh8 c5 70. Rf7 Rb3+
71. Kh4 Rf3 72. Rxf6 Kc7 73. Rxd8 Rxf6 74. g8=Q Kb7 75. Qg7+ Ka6 76. Qxf6 Kb5 77. Qb2+ Ka6 78. Rd6 Ka5 79. Rxb6 Ka4 80. Ra6#
1-0

[Event "2015: The Year Of Devcoin"]
[Site "SchemingMind.com"]
[Date "2014.11.24"]
[Round "-"]
[White "klapa"]
[Black "Clive Everill"]
[Result "0-1"]
[WhiteCountry "POL"]
[BlackCountry "CZE"]
[WhiteElo "1432"]
[WhiteRD "65"]
[BlackElo "1688"]
[BlackRD "52"]
[GameID "369451"]

1. b3 d5 2. Bb2 Nc6 3. d3 e5 4. Nf3 Bd6 5. e4 Nf6 6. Be2 Bg4 7. Nxe5 Nxe5 8. d4 Bxe2 9. Qxe2 Nc6 10. e5 Bxe5
11. dxe5 Ne4 12. e6 O-O 13. Qg4 f6 14. O-O Qe7 15. Na3 a6 16. Rae1 b5 17. c4 Nd2 18. cxd5 Nb4 19. Re3 Nxf1 20. Rh3 Nd2
21. Qf5 g6 22. Rg3 Rad8 23. Bc1 Nxa2 24. Bxd2 Qxa3 25. b4 Qb2 26. Be1 Nxb4 27. e7 Rxd5 28. Qe6+ Kg7 29. exf8=Q+ Kxf8 30. Qc8+ Kf7
31. Qxc7+ Ke6 32. Qxh7 Re5 33. Re3 Rxe3 34. fxe3 Nd3 35. Qg8+ Kf5 36. Qd5+ Ne5 37. e4+ Kg5 38. h4+ Kh5 39. Qd1+ Kh6 40. g4 Qa3
41. g5+ fxg5 42. hxg5+ Kxg5 43. Qd2+ Kf6 44. Bh4+ Kg7 45. Kh1 Qh3+ 46. Kg1 Nf3+ 47. Kf2 Nxd2
0-1